The Elder Scrolls - Large Quiz (Not Easy) - Statistics

General Stats
  • This quiz has been taken 1,142 times
  • The average score is 8 of 15
Answer Stats
Hint Answer % Correct
Non-legal organization of assasin's is called... Dark Brotherhood
88%
Talos is also known as... Tiber Septim
87%
Do Akavir Race, Ka Po' Tun, want to invade Tamriel in close future? (yes/no) Yes
87%
Daedric prince of madness is called... Sheogorath
84%
How is the tower in Imperial City called? White Gold Tower
71%
Which cult killed Uriel Septim VII? Mythic Dawn
65%
How is alliance between Bosmer, Altmer & Khajiit called? Aldmeri Dominion
61%
What is the highest mountain of whole Tamriel called? Throat of the World
61%
Orcs have something like their capital city. How is it called? Orsinium
58%
Where the Redguards came from? Yokuda
56%
Who imprisoned Uriel Septim IV? Jagar Tharn
42%
Vampiric Serpent Folk are called... Tsaesci
34%
Where are Tropical Elves (Maomer) from? Pyandonea
28%
Which dominant city is settled at Imperial Province of Akavir? Ionith
14%
Ancient guild of assasin's is called... Morang Tong
13%
No matching quizzes found
Score Distribution
Percent of People with Each Score
Percentile by Number Answered
Your Score History
You have not taken this quiz